Estatísticas para 30 cidades mais populosas do Piauí

Clique aqui para jogar o quiz

Estatísticas Gerais

  • Esse quiz foi jogado 59 vezes
  • A pontuação média é 14 de 30

Estatísticas das Respostas

Nº de HabitantesLetra InicialCidade% Correto
149 803PParnaíba
100%
844 245TTeresina
100%
76 554PPicos
93%
58 803FFloriano
77%
62 650PPiripiri
68%
45 971CCampo Maior
64%
35 329OOeiras
64%
39 715AAltos
61%
33 802SSão Raimundo Nonato
59%
43 606UUnião
52%
45 072BBarras
48%
24 327BBom Jesus
48%
38 874EEsperantina
48%
29 558LLuís Correia
48%
26 084CCorrente
45%
38 314JJosé de Freitas
41%
20 168PPaulistana
41%
38 055PPedro II
41%
28 160PPiracuruca
41%
21 011UUruçuí
39%
26 331BBatalha
32%
19 415BBuriti dos Lopes
32%
20 700CCanto do Buriti
32%
27 230CCocal
27%
18 660JJaicós
27%
20 146SSão João do Piauí
27%
20 568VValença do Piauí
27%
18 160CCastelo do Piauí
23%
33 075MMiguel Alves
14%
25 049LLuziândia
2%

Distribuição das Pontuações

Percentil de Números Respondidos

Porcentagem de Pessoas com Cada Pontuação

Sua Pontuação Histórica

Você não jogou esse quiz